Moderno Diccionario español-inglés, english-spanish. (Registro nro. 38513)

Detalles MARC
000 -CABECERA
Longitud fija campo de control 01259cam a2200325 i 4500
003 - IDENTIFICADOR DEL NUMERO DE CONTROL
Identificador del número de control CO-BoRNBP
005 - FECHA Y HORA DE LA ULTIMA TRANSACCION
Fecha y hora de la última transacción 20241029093415.0
007 - CAMPO FIJO DE DESCRIPCION FISICA
Campo fijo de descripción física ta
008 - CODIGOS DE INFORMACION DE LONGITUD FIJA
Códigos de información de longitud fija 900316s2003 ck a rd 00010 spa d
020 ## - NUMERO INTERNACIONAL NORMALIZADO PARA LIBROS
Número Internacional Normalizado para Libros (ISBN) 9789589422359
040 ## - FUENTE DE LA CATALOGACION
Centro catalogador de origen la
Centro transcriptor la
Lengua de catalogación spa
Normas de descripción rda
041 0# - CODIGO DE LENGUA
Código de lengua del texto/banda sonora o título independiente spa
-- eng
082 04 - NUMERO DE LA CLASIFICACION DECIMAL DEWEY
Número de clasificación (R) R463.2
Número del ítem P25d
245 10 - TITULO PROPIAMENTE DICHO
Título Moderno Diccionario español-inglés, english-spanish.
Resto del título Multifuncional/
Mención de responsabilidad, etc. Adaptación, Luis Peñulela & asociados; revisión y correción, Ángela María Vélez Molina; Diseño y Diagramación, Miguel Ángel Bautista
250 ## - MENCION DE EDICION
Mención de edición Primera edición
264 #4 - PRODUCCION, PUBLICACION , DISTRIBUCION, FABRICACION Y COPYRIGHT
Lugar de producción, publicación, distribución, fabricación Santafé de Bogotá D.C., Colombia
Nombre del productor, editor, distribuidor, fabricante Editar
Fecha de de producción, publicación, distribución, fabricación o copyright ©2003
300 ## - DESCRIPCION FISICA
Extensión 783 páginas
Dimensiones 26 cm.
336 ## - TIPO DE CONTENIDO
Fuente rdacontenido
Término de tipo de contenido texto
Código de tipo de contenido txt
337 ## - TIPO DE MEDIO
Fuente rdamedio
Nombre del tipo de medio sin mediación
Código del tipo de medio n
338 ## - TIPO DE SOPORTE
Fuente rdasoporte
Nombre del tipo de soporte volumen
Código del tipo de soporte nc
650 #7 - PUNTO DE ACCESO ADICIONAL DE MATERIA - TERMINO DE MATERIA
Término de materia o nombre geográfico como elemento inicial Diccionarios
Subdivisión de forma Español
Fuente del encabezamiento BLAAUTO
650 #7 - PUNTO DE ACCESO ADICIONAL DE MATERIA - TERMINO DE MATERIA
Término de materia o nombre geográfico como elemento inicial Diccionarios
Subdivisión de forma Inglés
Fuente del encabezamiento BLAAUTO
650 #7 - PUNTO DE ACCESO ADICIONAL DE MATERIA - TERMINO DE MATERIA
Término de materia o nombre geográfico como elemento inicial Diccionarios
Subdivisión de forma Sinónimos
Fuente del encabezamiento BLAAUTO
650 #7 - PUNTO DE ACCESO ADICIONAL DE MATERIA - TERMINO DE MATERIA
Término de materia o nombre geográfico como elemento inicial Diccionarios
Subdivisión de forma Antónimos
Fuente del encabezamiento BLAAUTO
650 #7 - PUNTO DE ACCESO ADICIONAL DE MATERIA - TERMINO DE MATERIA
Término de materia o nombre geográfico como elemento inicial Diccionarios
Subdivisión de forma Homófonos
Subdivisión de materia general Parónimos
Fuente del encabezamiento BLAAUTO
700 1# - PUNTO DE ACCESO ADICIONAL - NOMBRE DE PERSONA
Nombre de persona Vélez Molina, Ángela María
Término indicativo de función Revisión y corrección
700 1# - PUNTO DE ACCESO ADICIONAL - NOMBRE DE PERSONA
Nombre de persona Cáceres, Álvaro
Término indicativo de función Dirección
942 ## - ENTRADA DE ELEMENTOS AGREGADOS (KOHA)
Fuente de clasificaión o esquema Dewey Decimal Classification
Koha [por defecto] tipo de item Libro Referencia
949 ## - TRATAMIENTO DE LA INFORMACION LOCAL (OCLC)
a n
b n
Existencias
Perdido Fuente de clasificación o esquema Estado Físico No para préstamo Forma de adquisición Localización permanente Localización actual Localización en estanterías Fecha adquisición Préstamos totales Signatura completa Código de barras Fecha última consulta Número de copia Fecha del precio de reemplazo Tipo de item de Koha
  Dewey Decimal Classification     Colección General Biblioteca Pública Guamal Biblioteca Pública Guamal Referencia 10/29/2024   R 463.2 P25d GUA004375 10/29/2024 Ej.1 10/29/2024 Libro Referencia









Instituto Departamental de Cultura del Meta - Red Departamental de Bibliotecas Públicas del Meta.